Normal view
MARC view
- لجنة يوم القدس، عمان، الاردن
Entry Personal Name
001 - CONTROL NUMBER
- control field: 46140
003 - CONTROL NUMBER IDENTIFIER
- control field: JO-AjAnu
005 - DATE AND TIME OF LATEST TRANSACTION
- control field: 20230606081628.0
008 - FIXED-LENGTH DATA ELEMENTS
- fixed length control field: 230606|| aca||aabn | a|a d
040 ## - CATALOGING SOURCE
- Original cataloging agency: JO-AjAnu
- Transcribing agency: JO-AjAnu
100 ## - HEADING--PERSONAL NAME
- Personal name: لجنة يوم القدس، عمان، الاردن
670 ## - SOURCE DATA FOUND
- Source citation: Work cat.: (JO-AjAnu)23619: لجنة يوم القدس، عمان، الاردن, author, ندوة يوم القدس : الندوة الثالثة والعشرون: مقامون من أجل القدس: دورة بهجت أبو غريبة المنعقدة من 6-7 تشرين الأول 2012 عمان - الاردن